| 000 | nam a22 7a 4500 | ||
|---|---|---|---|
| 999 |
_c329783 _d329783 |
||
| 003 | NUST | ||
| 005 | 20170614120613.0 | ||
| 008 | 170522b xxu||||| |||| 00| 0 eng d | ||
| 020 | _a9695161510 | ||
| 040 | _cNUST | ||
| 041 | _hurdu | ||
| 082 |
_a891.4393 _bANS |
||
| 100 |
_aAlhamra _91273 |
||
| 245 |
_aAlhamra behtreen afsany _cby Alhamra, compiled by Sehar Ansari and Shugufta Iftekhar |
||
| 260 |
_aIslamabad: _bAlhamra _c2004 |
||
| 300 | _a403 p. | ||
| 500 | _aNovel | ||
| 546 | _aIn urdu | ||
| 650 |
_aUrdu Literature _9347 |
||
| 880 |
_aالحمرا بہترین افسانے _6245-02\(3\r |
||
| 880 |
_aالحمرا _6100-01\(3\r |
||
| 880 |
_aاسلام آباد: _6260-03\(3\r _bالحمرا پبلشنگ، _c2004 |
||
| 942 |
_2ddc _cBK |
||